Vers une (ré)adaptation écologique (notice n° 1662334)
[ vue normale ]
| 000 -LEADER | |
|---|---|
| fixed length control field | 01024cam a2200133 4500500 |
| 005 - DATE AND TIME OF LATEST TRANSACTION | |
| control field | 20260208080004.0 |
| 041 ## - LANGUAGE CODE | |
| Language code of text/sound track or separate title | fre |
| 042 ## - AUTHENTICATION CODE | |
| Authentication code | dc |
| 100 10 - MAIN ENTRY--PERSONAL NAME | |
| Personal name | Dalla Piazza, Serge |
| Relator term | author |
| 245 00 - TITLE STATEMENT | |
| Title | Vers une (ré)adaptation écologique |
| 260 ## - PUBLICATION, DISTRIBUTION, ETC. | |
| Name of publisher, distributor, etc. | L'Harmattan,<br/> |
| Date of publication, distribution, etc. | 2017.<br/> |
| 520 ## - SUMMARY, ETC. | |
| Summary, etc. | A la fois essai et traité, cet ouvrage propose une nouvelle vision de la (ré)adaptation afin qu'elle s'inscrive dans un contexte écologique au niveau de l'individu blessé ou malade. Des perspectives évaluatives et méthodologiques adaptées sont ainsi proposées en adéquation avec cette nouvelle approche. Trois concepts majeurs sont ainsi introduits : il n'y a pas d'évolution vers un idéal personnel ou sociétal ; l'adaptation est toujours un mécanisme relatif à un environnement à un moment donné ; la (ré)adaptation ne peut jamais qu'avoir une base communautaire et s'inscrire dans l'avenir. |
| 856 41 - ELECTRONIC LOCATION AND ACCESS | |
| Uniform Resource Identifier | <a href="https://shs.cairn.info/Vers-une-readaptation-ecologique--9782343121062?lang=fr&redirect-ssocas=7080">https://shs.cairn.info/Vers-une-readaptation-ecologique--9782343121062?lang=fr&redirect-ssocas=7080</a> |
Pas d'exemplaire disponible.




Réseaux sociaux